Návrh opatrení na zlepšenie nakladania s odpadmi v Prešove diplomová práca

Na minha lista:
Detalhes bibliográficos
Autor principal: Tivadarová, Mária
Autor Corporativo: Podnikovohospodárska fakulta EU so sídlom v Košiciach. Katedra manažmentu
Outros Autores: Bosák, Martin, 1967-
Formato: Livro
Idioma:eslovaco
Publicado em: Košice 2014
Tags: Adicionar Tag
Sem tags, seja o primeiro a adicionar uma tag!

MARC

LEADER 00000nbm a2200000 4500
001 0187087
005 20170201084740.6
041 0 |a slo 
044 |a SK 
245 1 0 |a Návrh opatrení na zlepšenie nakladania s odpadmi v Prešove  |b diplomová práca  |c Mária Tivadarová ; školiteľ: Martin Bosák 
264 1 |a Košice  |c 2014 
300 |a 70 s. 
100 1 |a Tivadarová, Mária 
700 1 |a Bosák, Martin, 1967- 
710 2 |a Podnikovohospodárska fakulta EU so sídlom v Košiciach. Katedra manažmentu